Największe polskie miasta pod względem powierzchni - Statystyki

Ogólne statystyki
  • Ten quiz został rozwiązany 70 razy
  • Średni wynik to 3 z 10
Statystyki odpowiedzi
Hint Odpowiedź % Poprawnych
68 300 Gdańsk
60%
51 720 Warszawa
40%
32 685 Kraków
36%
20 207 Świnoujście
36%
27 827 Zielona Góra
36%
39 151 Gdynia
31%
30 062 Szczecin
26%
26 191 Poznań
21%
29 281 Wrocław
19%
29 325 Łódź
14%
Nie znaleziono quizów pasujących do podanych kryteriów
Rozkład punktacji
Procent ludzi z każdym wynikiem
Percentyl według liczby udzielonych odpowiedzi
Twoja historia wyników
Nie rozwiązałeś tego quizu